Statystyki dla Starożytność - daty

Kliknij tutaj aby rozwiązać quiz!

Ogólne statystyki

  • Ten quiz został rozwiązany 152 razy
  • Średni wynik to 46 z 107

Statystyki odpowiedzi

HintOdpowiedź% Poprawnych
Miltiades pokonuje Persów pod Maratonem490 p.n.e.
80%
Śmierć Cezara44 p.n.e.
72%
Grecy zwyciężają pod Platejami479 p.n.e.
72%
Egipt prowincją rzymską, śmierć Kleopatry VII30 p.n.e.
70%
Śmierć Aleksandra Wielkiego w Babilonie323 p.n.e.
70%
Śmierć Jezusa Chrystusa30/33 n.e.
68%
Upadek Rzymu, koniec starożytności476 n.e.
66%
Legendarne założenie Rzymu753 p.n.e.
66%
Obrona Termopil przez Leonidasa I480 p.n.e.
62%
Pod Issos Aleksander Wielki pokonuje Dariusza III333 p.n.e.
60%
Koniec III wojny punickiej146 p.n.e.
58%
Koniec II wojny punickiej201 p.n.e.
58%
Śmierć Marka Antoniusza30 p.n.e.
58%
Oktawian pokonuje Marka Antoniusza pod Akcjum31 p.n.e.
58%
Pod Cheroneą Filip II pokonuje Teby i Ateny338 p.n.e.
58%
Wygnanie Tarkwiniusza Pysznego, Rzym republiką509 p.n.e.
58%
Pierwsze igrzyska olimpijskie776 p.n.e.
58%
Oktawian otrzymuje tytuł Augustus - koniec republiki rzymskiej27 p.n.e.
56%
Bitwa pod Gaugamelą, Aleksander Wielki zdobywa Suzę331 p.n.e.
56%
Marek Antoniusz, Oktawian i Lepidus tworzą II triumwirat43 p.n.e.
56%
Odoaker obala Romulusa Augustulusa476 n.e.
56%
Pod Salaminą Temistokles pokonuje Kserksesa I480 p.n.e.
56%
Wybuch III wojny punickiej149 p.n.e.
54%
Pod Zamą Rzym pokonuje Kartaginę202 p.n.e.
54%
Hannibal zwycięża Rzym pod Kannami216 p.n.e.
54%
Wybuch II wojny punickiej218 p.n.e.
54%
Koniec I wojny punickiej241 p.n.e.
54%
Edykt mediolański Konstantyna I i Licyniusza313 n.e.
54%
Aleksander Macedoński przyłącza Egipt do swojego imperium332 p.n.e.
54%
Śmierć Filipa II336 p.n.e.
54%
Koniec wielkiej wojny peloponeskiej404 p.n.e.
54%
Zwycięstwo Aleksandra Wielkiego nad Granikiem334 p.n.e.
52%
Formalny podział Imperium Rzymskiego przez Teodozjusza395 n.e.
52%
Wybuch I wojny punickiej264 p.n.e.
50%
Cezar przekracza Rubikon, początek wojny domowej49 p.n.e.
50%
Krassus, Pompejusz i Cezar formują I triumwirat60 p.n.e.
50%
Powstanie Spartakusa73 p.n.e.
50%
Wybuch wielkiej wojny peloponeskiej431 p.n.e.
48%
Dariusz I Wielki zdobywa Milet, koniec powstania jońskiego494 p.n.e.
48%
Pożar Rzymu64 n.e.
48%
Bitwa w Lesie Teutoburskim9 n.e.
48%
Hannibal przekracza Alpy218 p.n.e.
46%
W bitwach pod Philippi pokonani zostają Brutus i Kasjusz42 p.n.e.
46%
Pod Farsalos Cezar pokonuje Pompejusza48 p.n.e.
46%
Założenie egipskiej Aleksandrii331 p.n.e.
44%
Ogłoszenie prawa XII tablic449 p.n.e.
44%
Pod Alezją Cezar tłumi bunt Wercyngetoryksa52 p.n.e.
44%
Krassus zwycięża Spartakusa71 p.n.e.
44%
Ptolemeusz I władcą Egiptu, początek władzy dynastii Ptolemeuszy323 p.n.e.
42%
Zdobycie Tyru przez Aleksandra Wielkiego332 p.n.e.
42%
Śmierć Peryklesa429 p.n.e.
42%
Początek kampanii Cezara na Galię58 p.n.e.
42%
Rzymianie palą Świątynię Jerozolimską70 n.e.
42%
Scypion wkracza do Afryki204 p.n.e.
40%
Wybuch I wojny diadochów321 p.n.e.
40%
Rzym zdobywa Volsinię - cała Italia rzymska264 p.n.e.
38%
Wizygoci rujnują Rzym410 n.e.
38%
Attyla pokonany na Polach Katalaunijskich451 n.e.
38%
Rok czterech cesarzy69 n.e.
38%
Gracjan, Walentynian II i Teodozjusz I ogłaszają edykt tesaloński380 n.e.
36%
Chrześcijaństwo religią państwową Rzymu380 n.e.
36%
Zakaz religii innych niż chrześcijaństwo392 n.e.
36%
Attyla pustoszy Italię452 n.e.
36%
Wandalowie plądrują Rzym455 n.e.
36%
Jonowie niszczą Sardes - wybuch powstania jońskiego498 p.n.e.
36%
Nabuchodonozor II niszczy Jerozolimę, początek niewoli babilońskiej586 p.n.e.
36%
Zwycięstwo Pyrrusa pod Herakleą280 p.n.e.
34%
Klaudiusz podbija Wielką Brytanię43 n.e.
34%
Wybuch I wojny peloponeskiej460 p.n.e.
34%
Nabuchodonozor II podbija Jerozolimę597 p.n.e.
34%
Zwycięstwo Pyrrusa pod Ausculum279 p.n.e.
32%
Platon zakłada Akademię387 p.n.e.
32%
Attyla morduje swojego brata, Bledę445 n.e.
32%
Ścięcie Pawła z Tarsu67 n.e.
32%
Zniszczenie Pompejów i Herkulanum79 n.e.
32%
Masakra Latynów w Kartaginie149 p.n.e.
30%
Grecja w rękach Rzymian167 p.n.e.
30%
Koniec III wojny macedońskiej167 p.n.e.
30%
Wybuch III wojny macedońskiej171 p.n.e.
30%
Rzym zdobywa Tarent, śmierć Pyrrusa272 p.n.e.
30%
Koniec ostatniej, VI wojny diadochów281 p.n.e.
30%
Wybuch wojny Rzymu z Tarentem282 p.n.e.
30%
Koalicja pokonuje Antygona pod Ipsos301 p.n.e.
30%
Konstantyn ustanawia stolicą dawne Bizancjum - Konstantynopol325 n.e.
30%
Zakaz organizacji igrzysk393 n.e.
30%
Wprowadzenie w Atenach rządów Trzydziestu Tyranów404 p.n.e.
30%
Koniec I wojny peloponeskiej446 p.n.e.
30%
Koniec II wojny perskiej449 p.n.e.
30%
Koniec II wojny macedońskiej196 p.n.e.
28%
Wybuch II wojny macedońskiej200 p.n.e.
28%
Koniec I wojny macedońskiej205 p.n.e.
28%
Oblężenie Syrakuz, śmierć Archimedesa212 p.n.e.
28%
Wybuch I wojny macedońskiej215 p.n.e.
28%
Dynastia Qin jednoczy Chiny221 p.n.e.
28%
Wesele w Suzie324 p.n.e.
28%
Arystoteles zakłada Liceum334 p.n.e.
28%
Bunt plebejuszy w Rzymie494 p.n.e.
28%
Kambyzes II, władca Persów, podbija Egipt - upadek XXVI dynastii525 p.n.e.
28%
Cyrus II Wielki zdobywa Babilon, koniec niewoli babilońskiej538 p.n.e.
28%
Atarkserkses III kładzie kres XXX dynastii343 p.n.e.
26%
Senonowie zdobywają Rzym390 p.n.e.
26%
Obalenie władzy perskiej w Egipcie w wyniku powstania404 p.n.e.
26%
Koniec budowy Partenonu432 p.n.e.
26%
Dariusz I Wielki zdobywa Egipt518 p.n.e.
26%
Babilon i Persja zdobywają Niniwę, upadek Asyrii612 p.n.e.
26%
Unicestwienie Senonów283 p.n.e.
24%
Cyrus II Wielki pokonuje Krezusa, cała Azja Mniejsza w rękach Persów546 p.n.e.
24%

Rozkład punktacji

Percentyl według liczby udzielonych odpowiedzi

Procent ludzi z każdym wynikiem

Twoja historia wyników

Nie rozwiązałeś tego quizu